000 00684nam a2200181Ia 4500
008 090124s9999 xx 000 0 und d
082 _b118058
100 _aगाडगीळ गंगाधर
245 _a बाबांच कलिंगड आणि मुलीचा स्वेटर
250 _a1
260 _c1979
300 _a192
600 _aगाडगीळ गंगाधर
630 _a बाबांच कलिंगड आणि मुलीचा स्वेटर
700 _aगाडगीळ गंगाधर
730 _a बाबांच कलिंगड आणि मुलीचा स्वेटर
942 _cBOOK
999 _c164145
_d164145